[Event "Team Championship of Russia (rapid)"]
[Site "Sochi"]
[Date "2015.05.08"]
[Round "1.17"]
[White "Sjugirov, Sanan"]
[Black "Gabrielian, Artur"]
[Result "1-0"]
[LiveChessVersion "1.4.4"]
[BlackElo "2482"]
[WhiteElo "2721"]
[BlackTeam "Stavropol region"]
[WhiteTeam "Zhiguli"]

1. e4 {[%clk 0:15:18]} g6 {[%clk 0:15:19]} 2. d4 {[%clk 0:15:26]} Bg7
{[%clk 0:15:28]} 3. Nc3 {[%clk 0:15:29]} d6 {[%clk 0:15:37]} 4. Bg5
{[%clk 0:13:22]} Nf6 {[%clk 0:15:22]} 5. Qd2 {[%clk 0:13:01]} O-O
{[%clk 0:15:06]} 6. O-O-O {[%clk 0:12:36]} c6 {[%clk 0:15:07]} 7. f3
{[%clk 0:10:19]} b5 {[%clk 0:14:55]} 8. Kb1 {[%clk 0:10:26]} Nbd7
{[%clk 0:14:53]} 9. Bh6 {[%clk 0:10:06]} b4 {[%clk 0:14:30]} 10. Nce2
{[%clk 0:10:02]} Nb6 {[%clk 0:10:51]} 11. Bxg7 {[%clk 0:10:00]} Kxg7
{[%clk 0:11:00]} 12. Qxb4 {[%clk 0:08:54]} Rb8 {[%clk 0:10:55]} 13. Nc1
{[%clk 0:07:46]} Be6 {[%clk 0:10:55]} 14. Qa3 {[%clk 0:07:40]} Bc4
{[%clk 0:09:51]} 15. Nge2 {[%clk 0:07:45]} d5 {[%clk 0:09:48]} 16. e5
{[%clk 0:07:40]} Nfd7 {[%clk 0:09:52]} 17. Ka1 {[%clk 0:07:36]} e6
{[%clk 0:08:54]} 18. b3 {[%clk 0:07:11]} Bxe2 {[%clk 0:08:54]} 19. Bxe2
{[%clk 0:07:18]} Qc7 {[%clk 0:08:57]} 20. Nd3 {[%clk 0:07:17]} Rfc8
{[%clk 0:08:47]} 21. f4 {[%clk 0:05:29]} a5 {[%clk 0:07:08]} 22. Nc5
{[%clk 0:03:59]} Nxc5 {[%clk 0:07:07]} 23. dxc5 {[%clk 0:03:24]} Nd7
{[%clk 0:07:15]} 24. Rd4 {[%clk 0:03:32]} Qd8 {[%clk 0:04:19]} 25. Ra4
{[%clk 0:03:20]} Ra8 {[%clk 0:04:24]} 26. g3 {[%clk 0:02:44]} Qf8
{[%clk 0:04:15]} 27. Rxa5 {[%clk 0:02:40]} Rxa5 {[%clk 0:04:18]} 28. Qxa5
{[%clk 0:02:50]} Nxc5 {[%clk 0:04:21]} 29. Rd1 {[%clk 0:02:09]} Ra8
{[%clk 0:04:19]} 30. Qb4 {[%clk 0:02:02]} Rb8 {[%clk 0:04:26]} 31. Qe1
{[%clk 0:01:32]} Ne4 {[%clk 0:04:03]} 32. Kb2 {[%clk 0:01:41]} Ra8
{[%clk 0:03:38]} 33. a4 {[%clk 0:01:46]} Qb8 {[%clk 0:01:22]} 34. a5
{[%clk 0:01:52]} Qa7 {[%clk 0:01:08]} 35. a6 {[%clk 0:01:58]} Qb6
{[%clk 0:01:06]} 36. Qg1 {[%clk 0:01:30]} c5 {[%clk 0:00:15]} 37. Bd3
{[%clk 0:01:36]} Rxa6 {[%clk 0:00:13]} 38. Bxa6 {[%clk 0:01:31]} Qxa6
{[%clk 0:00:22]} 39. Qe3 {[%clk 0:01:16]} Qb7 {[%clk 0:00:28]} 40. Ra1
{[%clk 0:01:06]} d4 {[%clk 0:00:36]} 41. Qd3 {[%clk 0:00:55]} Nc3
{[%clk 0:00:35]} 42. Qc4 {[%clk 0:01:01]} Qc6 {[%clk 0:00:17]} 43. b4
{[%clk 0:00:46]} Ne4 {[%clk 0:00:12]} 44. bxc5 {[%clk 0:00:29]} Qb7+
{[%clk 0:00:15]} 45. Qb3 {[%clk 0:00:36]} Qc8 {[%clk 0:00:21]} 46. Ra5
{[%clk 0:00:35]} Nf2 {[%clk 0:00:12]} 47. Qc4 {[%clk 0:00:33]} Nd1+
{[%clk 0:00:19]} 48. Kb3 {[%clk 0:00:36]} Qb7+ {[%clk 0:00:26]} 49. Rb5
{[%clk 0:00:33]} Qf3+ {[%clk 0:00:35]} 50. Qd3 {[%clk 0:00:29]} Qd5+
{[%clk 0:00:44]} 51. c4 {[%clk 0:00:31]} Qh1 {[%clk 0:00:53]} 52. Qxd4
{[%clk 0:00:34]} Qf3+ {[%clk 0:00:44]} 53. Kb4 {[%clk 0:00:42]} Ne3
{[%clk 0:00:48]} 54. Qc3 {[%clk 0:00:17]} Qe4 {[%clk 0:00:52]} 55. c6
{[%clk 0:00:23]} Nd5+ {[%clk 0:01:00]} 56. Rxd5 {[%clk 0:00:32]} exd5
{[%clk 0:01:09]} 57. Kc5 {[%clk 0:00:35]} dxc4 {[%clk 0:01:06]} 58. Qxc4
{[%clk 0:00:41]} Qe3+ {[%clk 0:01:13]} 59. Kd6 {[%clk 0:00:45]} Qa3+
{[%clk 0:01:20]} 60. Kd7 {[%clk 0:00:50]} Kf8 {[%clk 0:01:17]} 61. c7
{[%clk 0:00:55]} Qa7 {[%clk 0:01:14]} 62. Qb4+ {[%clk 0:00:57]} Kg7
{[%clk 0:01:22]} 63. Kd8 {[%clk 0:00:59]} 1-0

[Event "Team Championship of Russia (rapid)"]
[Site "Sochi"]
[Date "2015.05.08"]
[Round "1.18"]
[White "Bykov, Egor"]
[Black "Bukavshin, Ivan"]
[Result "0-1"]
[LiveChessVersion "1.4.4"]
[BlackElo "2667"]
[WhiteElo "2178"]
[BlackTeam "Zhiguli"]
[WhiteTeam "Stavropol region"]

1. d4 {[%clk 0:15:18]} d5 {[%clk 0:15:17]} 2. Nf3 {[%clk 0:15:27]} Nf6
{[%clk 0:15:15]} 3. Bf4 {[%clk 0:15:35]} c5 {[%clk 0:15:18]} 4. c3
{[%clk 0:15:43]} Nc6 {[%clk 0:15:23]} 5. e3 {[%clk 0:15:49]} Qb6 {[%clk 0:15:30]}
6. Qb3 {[%clk 0:15:56]} c4 {[%clk 0:15:37]} 7. Qc2 {[%clk 0:16:04]} Bf5
{[%clk 0:15:28]} 8. Qc1 {[%clk 0:16:12]} e6 {[%clk 0:15:36]} 9. Nbd2
{[%clk 0:16:15]} Be7 {[%clk 0:15:30]} 10. h3 {[%clk 0:15:35]} O-O
{[%clk 0:15:24]} 11. Be2 {[%clk 0:14:53]} Qd8 {[%clk 0:15:17]} 12. O-O
{[%clk 0:13:38]} Nd7 {[%clk 0:15:22]} 13. Re1 {[%clk 0:12:13]} Bg6
{[%clk 0:15:15]} 14. b3 {[%clk 0:09:44]} b5 {[%clk 0:15:22]} 15. a4
{[%clk 0:08:40]} a6 {[%clk 0:15:26]} 16. bxc4 {[%clk 0:06:04]} bxc4
{[%clk 0:15:32]} 17. e4 {[%clk 0:06:10]} dxe4 {[%clk 0:14:27]} 18. Ne5
{[%clk 0:06:12]} Ndxe5 {[%clk 0:14:32]} 19. dxe5 {[%clk 0:06:09]} Na5
{[%clk 0:14:34]} 20. Bd1 {[%clk 0:05:03]} Qd5 {[%clk 0:14:15]} 21. Bc2
{[%clk 0:04:54]} Nb3 {[%clk 0:14:17]} 22. Bxb3 {[%clk 0:04:29]} cxb3
{[%clk 0:14:25]} 23. c4 {[%clk 0:04:32]} Qb7 {[%clk 0:14:21]} 24. Qb2
{[%clk 0:04:31]} Rab8 {[%clk 0:13:47]} 25. Re3 {[%clk 0:04:32]} Rfd8
{[%clk 0:13:09]} 26. Rxb3 {[%clk 0:04:00]} Qc7 {[%clk 0:13:18]} 27. Re1
{[%clk 0:03:38]} Rxb3 {[%clk 0:13:03]} 28. Qxb3 {[%clk 0:03:44]} Rb8
{[%clk 0:13:06]} 29. Qa2 {[%clk 0:03:39]} Qc6 {[%clk 0:13:08]} 30. Be3
{[%clk 0:03:38]} Qc7 {[%clk 0:12:10]} 31. Bd4 {[%clk 0:03:26]} Rd8
{[%clk 0:12:02]} 32. Bc3 {[%clk 0:03:18]} Qc6 {[%clk 0:11:45]} 33. Qb3
{[%clk 0:03:09]} Bc5 {[%clk 0:11:38]} 34. Nf1 {[%clk 0:03:01]} h5
{[%clk 0:11:46]} 35. Ne3 {[%clk 0:02:49]} Rd3 {[%clk 0:11:49]} 36. Rd1
{[%clk 0:02:38]} Kh7 {[%clk 0:11:54]} 37. g4 {[%clk 0:01:41]} Bxe3
{[%clk 0:11:51]} 38. fxe3 {[%clk 0:01:48]} Qc5 {[%clk 0:11:12]} 39. Bd4
{[%clk 0:01:47]} Qxd4 {[%clk 0:11:02]} 0-1

[Event "Team Championship of Russia (rapid)"]
[Site "Sochi"]
[Date "2015.05.08"]
[Round "1.19"]
[White "Predke, Alexandr"]
[Black "Rozhko, Dmitry"]
[Result "1-0"]
[LiveChessVersion "1.4.4"]
[BlackElo "2389"]
[WhiteElo "2566"]
[BlackTeam "Stavropol region"]
[WhiteTeam "Zhiguli"]

1. e4 {[%clk 0:15:18]} c6 {[%clk 0:15:19]} 2. d4 {[%clk 0:15:27]} d5
{[%clk 0:15:28]} 3. Nc3 {[%clk 0:15:36]} dxe4 {[%clk 0:15:37]} 4. Nxe4
{[%clk 0:15:45]} h6 {[%clk 0:15:43]} 5. Bc4 {[%clk 0:15:27]} Bf5 {[%clk 0:15:42]}
6. Ng3 {[%clk 0:14:40]} Bh7 {[%clk 0:15:17]} 7. f4 {[%clk 0:13:46]} e6
{[%clk 0:15:04]} 8. Nf3 {[%clk 0:13:54]} Ne7 {[%clk 0:14:00]} 9. Qe2
{[%clk 0:13:14]} Nf5 {[%clk 0:13:11]} 10. c3 {[%clk 0:12:25]} Nd7
{[%clk 0:12:31]} 11. Bd2 {[%clk 0:09:22]} Bd6 {[%clk 0:10:36]} 12. Ne4
{[%clk 0:08:23]} Nf6 {[%clk 0:10:26]} 13. Nxf6+ {[%clk 0:07:10]} Qxf6
{[%clk 0:10:12]} 14. Ne5 {[%clk 0:07:19]} Qh4+ {[%clk 0:09:49]} 15. Qf2
{[%clk 0:07:21]} Qxf2+ {[%clk 0:09:39]} 16. Kxf2 {[%clk 0:07:29]} Ne7
{[%clk 0:09:11]} 17. Rhe1 {[%clk 0:07:28]} Nd5 {[%clk 0:09:05]} 18. g3
{[%clk 0:07:18]} O-O {[%clk 0:08:39]} 19. Bb3 {[%clk 0:07:19]} a5
{[%clk 0:08:26]} 20. a3 {[%clk 0:07:16]} Bxe5 {[%clk 0:07:17]} 21. dxe5
{[%clk 0:06:52]} a4 {[%clk 0:06:51]} 22. Ba2 {[%clk 0:06:15]} Rfd8
{[%clk 0:06:15]} 23. Rad1 {[%clk 0:05:00]} Bc2 {[%clk 0:06:01]} 24. Rc1
{[%clk 0:05:09]} Bf5 {[%clk 0:04:33]} 25. c4 {[%clk 0:01:58]} Nf6
{[%clk 0:04:29]} 26. Bb4 {[%clk 0:01:50]} Ne4+ {[%clk 0:03:41]} 27. Ke3
{[%clk 0:01:07]} c5 {[%clk 0:03:30]} 28. Bc3 {[%clk 0:01:16]} Nxc3
{[%clk 0:02:50]} 29. Rxc3 {[%clk 0:01:25]} Rd4 {[%clk 0:02:59]} 30. Bb1
{[%clk 0:01:34]} Bxb1 {[%clk 0:02:52]} 31. Rxb1 {[%clk 0:01:44]} Rad8
{[%clk 0:02:32]} 32. b4 {[%clk 0:01:46]} axb3 {[%clk 0:02:34]} 33. Rbxb3
{[%clk 0:01:55]} Ra8 {[%clk 0:01:05]} 34. Rxb7 {[%clk 0:00:52]} Ra4
{[%clk 0:01:14]} 35. Rb5 {[%clk 0:00:35]} Rdxc4 {[%clk 0:01:17]} 36. Rxc4
{[%clk 0:00:44]} Rxc4 {[%clk 0:01:26]} 37. Ra5 {[%clk 0:00:52]} g5
{[%clk 0:01:12]} 38. fxg5 {[%clk 0:00:50]} hxg5 {[%clk 0:01:18]} 39. Kd3
{[%clk 0:00:53]} Rc1 {[%clk 0:01:02]} 40. a4 {[%clk 0:00:31]} Kg7
{[%clk 0:01:07]} 41. Rb5 {[%clk 0:00:35]} Kg6 {[%clk 0:00:51]} 42. g4
{[%clk 0:00:27]} c4+ {[%clk 0:00:30]} 43. Kd2 {[%clk 0:00:20]} Rh1
{[%clk 0:00:25]} 44. Rb4 {[%clk 0:00:16]} Rxh2+ {[%clk 0:00:32]} 45. Kc3
{[%clk 0:00:24]} Re2 {[%clk 0:00:31]} 46. Kd4 {[%clk 0:00:21]} c3
{[%clk 0:00:27]} 47. Rc4 {[%clk 0:00:30]} c2 {[%clk 0:00:28]} 48. a5
{[%clk 0:00:35]} Rg2 {[%clk 0:00:27]} 49. Kc5 {[%clk 0:00:36]} Rxg4
{[%clk 0:00:27]} 50. Rxc2 {[%clk 0:00:44]} Re4 {[%clk 0:00:26]} 51. a6
{[%clk 0:00:41]} Rxe5+ {[%clk 0:00:33]} 52. Kb6 {[%clk 0:00:45]} Re1
{[%clk 0:00:22]} 53. Rc5 {[%clk 0:00:36]} Ra1 {[%clk 0:00:20]} 54. Ra5
{[%clk 0:00:44]} Rh1 {[%clk 0:00:21]} 55. a7 {[%clk 0:00:51]} Rh8
{[%clk 0:00:29]} 56. a8=Q {[%clk 0:00:44]} Rxa8 {[%clk 0:00:38]} 57. Rxa8
{[%clk 0:00:54]} Kf5 {[%clk 0:00:43]} 58. Kc5 {[%clk 0:01:01]} g4
{[%clk 0:00:39]} 59. Kd4 {[%clk 0:01:02]} Kf4 {[%clk 0:00:47]} 60. Ra1
{[%clk 0:00:21]} Kf3 {[%clk 0:00:25]} 61. Rf1+ {[%clk 0:00:16]} Ke2
{[%clk 0:00:34]} 62. Rg1 {[%clk 0:00:23]} Kf3 {[%clk 0:00:42]} 63. Kd3
{[%clk 0:00:25]} f5 {[%clk 0:00:38]} 64. Rf1+ {[%clk 0:00:34]} Kg2
{[%clk 0:00:47]} 65. Rf4 {[%clk 0:00:25]} g3 {[%clk 0:00:49]} 66. Ke2
{[%clk 0:00:20]} Kh3 {[%clk 0:00:37]} 67. Kf1 {[%clk 0:00:22]} g2+
{[%clk 0:00:30]} 68. Kf2 {[%clk 0:00:31]} g1=Q+ {[%clk 0:00:27]} 69. Kxg1
{[%clk 0:00:41]} Kg3 {[%clk 0:00:36]} 70. Ra4 {[%clk 0:00:46]} e5
{[%clk 0:00:45]} 71. Ra5 {[%clk 0:00:55]} 1-0

[Event "Team Championship of Russia (rapid)"]
[Site "Sochi"]
[Date "2015.05.08"]
[Round "1.20"]
[White "Nechaev, Oleg"]
[Black "Yakovich, Yuri"]
[Result "1/2-1/2"]
[LiveChessVersion "1.4.4"]
[BlackElo "2510"]
[WhiteElo "2354"]
[BlackTeam "Zhiguli"]
[WhiteTeam "Stavropol region"]

1. g3 {[%clk 0:15:17]} e5 {[%clk 0:15:18]} 2. Bg2 {[%clk 0:15:25]} d5
{[%clk 0:15:27]} 3. d3 {[%clk 0:15:27]} c6 {[%clk 0:15:31]} 4. Nd2
{[%clk 0:15:30]} Nf6 {[%clk 0:15:38]} 5. c4 {[%clk 0:15:27]} Bd6 {[%clk 0:15:24]}
6. cxd5 {[%clk 0:15:06]} cxd5 {[%clk 0:15:32]} 7. Ngf3 {[%clk 0:15:15]} O-O
{[%clk 0:15:34]} 8. e4 {[%clk 0:14:29]} dxe4 {[%clk 0:15:24]} 9. dxe4
{[%clk 0:14:02]} Nc6 {[%clk 0:15:32]} 10. O-O {[%clk 0:14:10]} Be6
{[%clk 0:15:20]} 11. Qe2 {[%clk 0:13:36]} Rc8 {[%clk 0:15:11]} 12. Rd1
{[%clk 0:13:39]} Qe7 {[%clk 0:14:12]} 13. Nc4 {[%clk 0:10:59]} Bxc4
{[%clk 0:08:00]} 14. Qxc4 {[%clk 0:11:07]} Nd4 {[%clk 0:08:00]} 15. Qd3
{[%clk 0:11:03]} Bc5 {[%clk 0:07:53]} 16. Be3 {[%clk 0:08:08]} Rfd8
{[%clk 0:08:02]} 17. Bxd4 {[%clk 0:08:03]} Bxd4 {[%clk 0:08:04]} 18. Nxd4
{[%clk 0:08:08]} Rxd4 {[%clk 0:08:12]} 19. Qb3 {[%clk 0:07:55]} Rxd1+
{[%clk 0:06:37]} 20. Rxd1 {[%clk 0:08:02]} h6 {[%clk 0:06:34]} 21. Bh3
{[%clk 0:07:06]} Rc6 {[%clk 0:05:21]} 22. Qd3 {[%clk 0:07:10]} g6
{[%clk 0:05:26]} 23. Qe3 {[%clk 0:06:56]} Kg7 {[%clk 0:05:15]} 24. a3
{[%clk 0:06:41]} b6 {[%clk 0:05:14]} 25. b4 {[%clk 0:06:23]} Qc7 {[%clk 0:05:05]}
26. Bf1 {[%clk 0:05:24]} Rc3 {[%clk 0:05:01]} 27. Rd3 {[%clk 0:05:32]} Rc1
{[%clk 0:04:50]} 28. Kg2 {[%clk 0:05:23]} Qc2 {[%clk 0:04:19]} 29. h3
{[%clk 0:04:58]} Qb1 {[%clk 0:04:06]} 30. Qe2 {[%clk 0:03:40]} Re1
{[%clk 0:04:02]} 31. Rb3 {[%clk 0:03:24]} Qxe4+ {[%clk 0:03:57]} 32. Qxe4
{[%clk 0:03:30]} Nxe4 {[%clk 0:04:07]} 33. Rd3 {[%clk 0:03:17]} Nf6
{[%clk 0:03:32]} 34. Rc3 {[%clk 0:03:26]} Rd1 {[%clk 0:03:33]} 35. Be2
{[%clk 0:03:34]} Rd2 {[%clk 0:03:39]} 36. Kf1 {[%clk 0:03:39]} Kf8
{[%clk 0:03:42]} 37. a4 {[%clk 0:03:33]} Ke7 {[%clk 0:03:47]} 38. a5
{[%clk 0:03:38]} Nd5 {[%clk 0:03:20]} 39. Ra3 {[%clk 0:01:45]} Nxb4
{[%clk 0:03:14]} 40. axb6 {[%clk 0:01:51]} axb6 {[%clk 0:03:23]} 41. Bb5
{[%clk 0:01:48]} Ra2 {[%clk 0:02:49]} 42. Rb3 {[%clk 0:01:49]} Nd5
{[%clk 0:01:18]} 43. Bc4 {[%clk 0:01:57]} Kd6 {[%clk 0:01:10]} 44. Bxd5
{[%clk 0:01:57]} Kxd5 {[%clk 0:01:19]} 45. Rxb6 {[%clk 0:02:04]} h5
{[%clk 0:01:11]} 46. Rf6 {[%clk 0:02:04]} Ra7 {[%clk 0:01:18]} 47. Ke2
{[%clk 0:02:13]} e4 {[%clk 0:01:21]} 48. g4 {[%clk 0:02:05]} Ke5 {[%clk 0:01:13]}
49. g5 {[%clk 0:02:14]} h4 {[%clk 0:01:04]} 50. Kf1 {[%clk 0:02:07]} Ra3
{[%clk 0:00:51]} 51. Rxf7 {[%clk 0:02:05]} Rxh3 {[%clk 0:00:58]} 52. Rf6
{[%clk 0:02:14]} Rf3 {[%clk 0:01:01]} 53. Rxg6 {[%clk 0:02:17]} e3
{[%clk 0:01:05]} 54. Rf6 {[%clk 0:01:37]} Rxf6 1/2-1/2

[Event "Team Championship of Russia (rapid)"]
[Site "Sochi"]
[Date "2015.05.08"]
[Round "1.21"]
[White "Iljin, Artem"]
[Black "Korobov, Anton"]
[Result "0-1"]
[LiveChessVersion "1.4.4"]
[BlackElo "2660"]
[WhiteElo "2506"]
[BlackTeam "Siberia"]
[WhiteTeam "Ladya-2"]

1. Nf3 {[%clk 0:15:17]} Nf6 {[%clk 0:15:19]} 2. c4 {[%clk 0:15:17]} g6
{[%clk 0:15:28]} 3. g3 {[%clk 0:15:18]} Bg7 {[%clk 0:15:36]} 4. Bg2
{[%clk 0:15:27]} O-O {[%clk 0:15:44]} 5. O-O {[%clk 0:15:34]} Nc6
{[%clk 0:15:52]} 6. d4 {[%clk 0:15:19]} a6 {[%clk 0:16:00]} 7. Nc3
{[%clk 0:14:50]} Rb8 {[%clk 0:16:09]} 8. e4 {[%clk 0:13:20]} d6 {[%clk 0:16:17]}
9. h3 {[%clk 0:10:58]} e5 {[%clk 0:16:14]} 10. d5 {[%clk 0:10:09]} Ne7
{[%clk 0:16:23]} 11. b4 {[%clk 0:10:07]} c6 {[%clk 0:16:17]} 12. a4
{[%clk 0:08:42]} cxd5 {[%clk 0:16:25]} 13. cxd5 {[%clk 0:08:49]} Bd7
{[%clk 0:16:34]} 14. Bd2 {[%clk 0:08:02]} Rc8 {[%clk 0:16:41]} 15. Re1
{[%clk 0:08:00]} h6 {[%clk 0:15:24]} 16. Qb3 {[%clk 0:07:06]} Ne8
{[%clk 0:15:14]} 17. b5 {[%clk 0:05:52]} a5 {[%clk 0:14:16]} 18. b6
{[%clk 0:05:40]} Kh7 {[%clk 0:14:22]} 19. Nh4 {[%clk 0:03:48]} f5
{[%clk 0:13:37]} 20. exf5 {[%clk 0:03:53]} gxf5 {[%clk 0:13:30]} 21. Rac1
{[%clk 0:03:53]} Bf6 {[%clk 0:11:53]} 22. Nf3 {[%clk 0:04:00]} e4
{[%clk 0:12:01]} 23. Nh2 {[%clk 0:03:57]} Bg5 {[%clk 0:11:55]} 24. Bxg5
{[%clk 0:03:22]} hxg5 {[%clk 0:12:03]} 25. g4 {[%clk 0:03:16]} Ng6
{[%clk 0:11:00]} 26. gxf5 {[%clk 0:03:02]} Nf4 {[%clk 0:11:09]} 27. Bxe4
{[%clk 0:01:59]} Nf6 {[%clk 0:10:57]} 28. Bb1 {[%clk 0:01:27]} Kg7
{[%clk 0:10:36]} 29. Nf3 {[%clk 0:01:03]} Rh8 {[%clk 0:10:25]} 30. h4
{[%clk 0:00:31]} g4 {[%clk 0:10:12]} 31. Ng5 {[%clk 0:00:21]} Rxh4
{[%clk 0:10:20]} 32. Qb2 {[%clk 0:00:21]} Qh8 {[%clk 0:10:00]} 33. Be4
{[%clk 0:00:29]} Qh6 {[%clk 0:09:49]} 0-1

[Event "Team Championship of Russia (rapid)"]
[Site "Sochi"]
[Date "2015.05.08"]
[Round "1.22"]
[White "Kokarev, Dmitry"]
[Black "Rodchenkov, Sergey D."]
[Result "1-0"]
[LiveChessVersion "1.4.4"]
[BlackElo "2299"]
[WhiteElo "2608"]
[BlackTeam "Ladya-2"]
[WhiteTeam "Siberia"]

1. g3 {[%clk 0:15:17]} d5 {[%clk 0:15:15]} 2. Nf3 {[%clk 0:15:25]} c6
{[%clk 0:15:23]} 3. Bg2 {[%clk 0:15:32]} Bg4 {[%clk 0:15:29]} 4. O-O
{[%clk 0:15:39]} Nd7 {[%clk 0:15:38]} 5. h3 {[%clk 0:15:45]} Bh5 {[%clk 0:15:47]}
6. d3 {[%clk 0:15:52]} e6 {[%clk 0:15:20]} 7. c4 {[%clk 0:15:59]} Bd6
{[%clk 0:15:10]} 8. cxd5 {[%clk 0:15:49]} exd5 {[%clk 0:15:09]} 9. e4
{[%clk 0:15:52]} dxe4 {[%clk 0:14:15]} 10. dxe4 {[%clk 0:15:59]} Ne5
{[%clk 0:13:57]} 11. Nbd2 {[%clk 0:15:28]} Ne7 {[%clk 0:13:07]} 12. g4
{[%clk 0:15:32]} Nxf3+ {[%clk 0:12:23]} 13. Qxf3 {[%clk 0:15:40]} Bg6
{[%clk 0:12:22]} 14. Nc4 {[%clk 0:15:47]} Bc7 {[%clk 0:11:46]} 15. Rd1
{[%clk 0:14:50]} Qb8 {[%clk 0:11:55]} 16. Qa3 {[%clk 0:14:55]} f6
{[%clk 0:10:47]} 17. Nd6+ {[%clk 0:14:45]} Bxd6 {[%clk 0:10:53]} 18. Rxd6
{[%clk 0:14:52]} Nc8 {[%clk 0:09:51]} 19. Rd3 {[%clk 0:13:51]} Qe5
{[%clk 0:09:57]} 20. Be3 {[%clk 0:13:57]} Ne7 {[%clk 0:04:53]} 21. Rad1
{[%clk 0:13:43]} Qe6 {[%clk 0:04:57]} 22. Rd6 {[%clk 0:13:31]} Qc8
{[%clk 0:04:46]} 23. e5 {[%clk 0:13:21]} O-O {[%clk 0:04:30]} 24. exf6
{[%clk 0:13:27]} gxf6 {[%clk 0:04:37]} 25. Bh6 {[%clk 0:11:55]} Rf7
{[%clk 0:04:38]} 26. f4 {[%clk 0:10:34]} f5 {[%clk 0:04:31]} 27. Bg5
{[%clk 0:10:17]} Nd5 {[%clk 0:04:33]} 28. Rd8+ {[%clk 0:10:02]} Qxd8
{[%clk 0:04:42]} 29. Bxd8 {[%clk 0:10:10]} Rxd8 {[%clk 0:04:51]} 30. g5
{[%clk 0:10:06]} a6 {[%clk 0:04:54]} 31. Qb3 {[%clk 0:10:02]} Rfd7
{[%clk 0:05:02]} 32. Bf3 {[%clk 0:10:05]} Bf7 {[%clk 0:05:10]} 33. Qa4
{[%clk 0:09:56]} Re8 {[%clk 0:05:13]} 34. Kf2 {[%clk 0:09:58]} Rde7
{[%clk 0:05:22]} 35. h4 {[%clk 0:09:50]} Re3 {[%clk 0:05:31]} 36. h5
{[%clk 0:09:52]} Rxf3+ {[%clk 0:05:39]} 37. Kxf3 {[%clk 0:10:00]} Bxh5+
{[%clk 0:05:48]} 38. Kg3 {[%clk 0:09:42]} Re3+ {[%clk 0:03:22]} 39. Kh2
{[%clk 0:09:25]} b5 {[%clk 0:02:47]} 40. Qd4 {[%clk 0:08:04]} Re4
{[%clk 0:02:20]} 41. Qd3 {[%clk 0:07:28]} Re3 {[%clk 0:02:20]} 42. Qd4
{[%clk 0:07:45]} Re4 {[%clk 0:02:34]} 43. Qd3 {[%clk 0:07:54]} Nxf4
{[%clk 0:01:37]} 44. Qb3+ {[%clk 0:07:39]} Kf8 45. Rd2 Nd5 {[%clk 0:01:41]} 46.
Qa3+ {[%clk 0:07:11]} b4 {[%clk 0:01:45]} 47. Qxa6 {[%clk 0:07:19]} Rh4+
{[%clk 0:01:51]} 48. Kg1 {[%clk 0:07:27]} Bf3 {[%clk 0:01:51]} 49. Qxc6
{[%clk 0:06:15]} Rh1+ {[%clk 0:01:58]} 50. Kf2 {[%clk 0:06:24]} Rh2+
{[%clk 0:01:57]} 51. Kxf3 {[%clk 0:06:31]} Rxd2 {[%clk 0:02:06]} 52. a4
{[%clk 0:06:28]} bxa3 {[%clk 0:01:18]} 53. bxa3 {[%clk 0:06:36]} Rd3+
{[%clk 0:01:21]} 54. Kf2 {[%clk 0:06:40]} Rd2+ {[%clk 0:01:28]} 55. Ke1
{[%clk 0:06:42]} Rd4 {[%clk 0:01:30]} 56. Qc5+ {[%clk 0:06:48]} 1-0